书目信息 |
| 题名: |
《材料科学基础》学习指导
|
|
| 作者: | 黄学辉 , 雷丽文 , 顾少轩 主编 | |
| 分册: | ||
| 出版信息: | 武汉 武汉理工大学出版社 2019.07 |
|
| 页数: | 171页 | |
| 开本: | 26cm | |
| 丛书名: | 普通高等学校材料科学与工程类专业新编系列教材 | |
| 单 册: | ||
| 中图分类: | TB3 | |
| 科图分类: | ||
| 主题词: | 材料科学--cai liao ke xue--高等学校--教学参考资料 | |
| 电子资源: | ||
| ISBN: | 978-7-5629-5984-7 | |
| 000 | 01300nam 2200313 450 | |
| 001 | 0100015977 | |
| 005 | 20201009150356.0 | |
| 010 | @a978-7-5629-5984-7@dCNY30.00 | |
| 100 | @a20190924d2019 em y0chiy50 ea | |
| 101 | 0 | @achi |
| 102 | @aCN@b420000 | |
| 105 | @aak a 000yy | |
| 106 | @ar | |
| 200 | 1 | @a《材料科学基础》学习指导@A《 cai liao ke xue ji chu 》 xue xi zhi dao@f主编黄学辉, 雷丽文, 顾少轩 |
| 210 | @a武汉@c武汉理工大学出版社@d2019.07 | |
| 215 | @a171页@c图@d26cm | |
| 225 | 2 | @a普通高等学校材料科学与工程类专业新编系列教材@Apu tong gao deng xue xiao cai liao ke xue yu gong cheng lei zhuan ye xin bian xi lie jiao cai |
| 312 | @a英文题名取自封面 | |
| 320 | @a有书目 (第171页) | |
| 330 | @a本书分十二章, 内容包括: 材料引言 ; 晶体结构 ; 结构缺陷 ; 非晶态结构怀性质 ; 固体的表面结构与性质 ; 相平衡与相图 ; 基本扩散动力学过程 ; 材料中的相变等。 | |
| 410 | 0 | @12001 @a普通高等学校材料科学与工程类专业新编系列教材 |
| 510 | 1 | @aLearning & instruction to fundamentals of materials science@zeng |
| 606 | 0 | @a材料科学@Acai liao ke xue@x高等学校@j教学参考资料 |
| 690 | @aTB3@v5 | |
| 701 | 0 | @a黄学辉@Ahuang xue hui@4主编 |
| 701 | 0 | @a雷丽文@Alei li wen@4主编 |
| 701 | 0 | @a顾少轩@Agu shao xuan@4主编 |
| 801 | 0 | @aCN@c20201009 |
| 905 | @a河南城建学院图书馆@dTB3@eH902@f1 | |
| 《材料科学基础》学习指导/主编黄学辉, 雷丽文, 顾少轩.-武汉:武汉理工大学出版社,2019.07 |
| 171页:图;26cm.-(普通高等学校材料科学与工程类专业新编系列教材) |
| ISBN 978-7-5629-5984-7:CNY30.00 |
| 本书分十二章, 内容包括: 材料引言 ; 晶体结构 ; 结构缺陷 ; 非晶态结构怀性质 ; 固体的表面结构与性质 ; 相平衡与相图 ; 基本扩散动力学过程 ; 材料中的相变等。 |
| ● |
| 相关链接 |
|
|
|
正题名:《材料科学基础》学习指导
索取号:TB3/H902
 
预约/预借
| 序号 | 登录号 | 条形码 | 馆藏地/架位号 | 状态 | 备注 |
| 1 | 1495387 | 214953870 | 自科库501/501自科库 8排3列1层/ [索取号:TB3/H902] | 在馆 |